| 000 | 01739nam0a22004091 4500 | ||
|---|---|---|---|
| 001 | RU\NLR\bibl\1226665 | ||
| 005 | 20260409071421.0 | ||
| 010 |
_a978-5-88503-706-8 _93000 |
||
| 021 |
_aRU _b2008-21359 _91172 |
||
| 035 | _a(NLR Aleph) 001347267 | ||
| 090 |
_a898264 _c898264 |
||
| 100 | _a20080514d2008 |||y0rusy50 ca | ||
| 101 | 1 |
_arus _ceng |
|
| 102 | _aRU | ||
| 105 | _ay ||||||||| | ||
| 200 | 1 |
_aМухаммад и курайшиты _eистория войны и мира _e[перевод с английского] _fЗакария Башир |
|
| 210 |
_aМосква _aСанкт-Петербург _cДИЛЯ _d2008 [т.е. 2007] |
||
| 215 |
_a251, [1] с. _d24 |
||
| 225 | 1 | _aМухаммад - посланник Аллаха | |
| 300 | _aНа 4-й с. обл. авт.: Закария Башир - бакалавр и магистр философии, д-р ислам. философии, адъюнкт-проф. | ||
| 300 | _aКн. фактически изд. в 2007 г. | ||
| 320 | _aБиблиогр. в подстроч. примеч. | ||
| 320 | _aИмен. указ.: с. 232-245 | ||
| 600 | 0 |
_aМухаммед _cпророк _fок. 570 - 632 _3RU\NLR\auth\66677386 _91551097 |
|
| 686 | _aЭ38-34-028.1 | ||
| 700 | 1 |
_4070 _8rus _7ca _aБашир _bЗ. _f1940- _gЗакария _3RU\NLR\auth\7765743 _948672 |
|
| 702 | 0 |
_4570 _8rus _7ca _aМухаммед _cпророк _fок.570-632 _3RU\NLR\AUTH\779947 _9119736 |
|
| 801 | 0 |
_aRU _bNLR _c20080514 _gRCR |
|
| 801 | 1 |
_aRU _bNLR _c20080514 |
|
| 852 |
_aNLR _bОЛСАА-сл-спр _j3-4682 |
||
| 852 |
_aNLR _jОЛСАА |
||
| 942 | _cBOOK | ||
| 980 | _aNB | ||
| 980 | 1 | _aSL_SPR | |